000 00638nam a2200229Ia 4500
003 OSt
005 20220923212356.0
006 a|||||r|||| 00| 0
007 ta
008 220922b |||||||| |||| 00| 0 hin d
024 _a152,462
037 _cTextual
040 _aARTS
_cARTS
_bhin
041 _2hin
_ahin
082 _aN2:9Q2, 152J3
100 _aराय कृष्णदास
245 0 _aभारतीय मूर्तिकला
246 _aBhāratīya mūrtikalā
260 _c1953
942 _hN2:9Q2, 152J3
_cTEXL
_2CC
999 _c308111
_d308111